000 00293nam a2200109Ia 4500
008 230302s9999 xx 000 0 und d
082 _a004.365BUY
100 _aBUYYA (RAJKUMAR) VECCHIOLA (CHRISTIAN)
245 _aMASTERING IN CLOUD COMPUTING
260 _aNEW DELHI
_b M.G.H
365 _cRS
999 _c157824
_d157824